| 000 | 00462nam a22001697a 4500 | ||
|---|---|---|---|
| 003 | OSt | ||
| 005 | 20140310182522.0 | ||
| 008 | 130810t xxu||||| |||| 00| 0 eng d | ||
| 020 | _a9781416057345 | ||
| 050 |
_aRC 78 _b.R691 2009 |
||
| 110 |
_aMosby Inc., _98219 |
||
| 245 |
_aYeak book of diagnostic radiology / _cAnne G. Osborn. |
||
| 260 |
_aPhiladelphia : _bMosby Inc., _c2009 |
||
| 300 |
_a371 p. ; _bill. ; _c23 cm. |
||
| 942 |
_2lcc _cSSLC |
||
| 999 |
_c14034 _d14034 |
||